Tìm hiểu tính tích cực giao tiếp trong trò chơi đóng vai theo chủ đề của trẻ mẫu giáo 5-6 tuổi tại thành phố Thủ Dầu Một tỉnh Bình Dương
Cơ quan chủ trì: Đại học Thủ Dầu Một ; Đề tài NCKH sinh viên Khoa Sư phạm
Sparad:
| Huvudupphovsman: | |
|---|---|
| Materialtyp: | Bok |
| Språk: | Undetermined |
| Publicerad: |
Bình Dương
2015
|
| Ämnen: | |
| Länkar: | http://lrc.tdmu.edu.vn/opac/search/detail.asp?aID=2&ID=37268 |
| Taggar: |
Lägg till en tagg
Inga taggar, Lägg till första taggen!
|
| Thư viện lưu trữ: | Trung tâm Học liệu Trường Đại học Thủ Dầu Một |
|---|
| LEADER | 00919nam a2200169Ia 4500 | ||
|---|---|---|---|
| 001 | TDMU_37268 | ||
| 008 | 210410s9999 xx 000 0 und d | ||
| 082 | |a 153.6 | ||
| 100 | |a Nguyễn, Thị Ngọc Hương | ||
| 245 | 0 | |a Tìm hiểu tính tích cực giao tiếp trong trò chơi đóng vai theo chủ đề của trẻ mẫu giáo 5-6 tuổi tại thành phố Thủ Dầu Một tỉnh Bình Dương | |
| 245 | 0 | |c Nguyễn Thị Ngọc Hương; ThS. Nguyễn Thị Ngọc Hân (hướng dẫn) | |
| 260 | |a Bình Dương | ||
| 260 | |c 2015 | ||
| 520 | |a Cơ quan chủ trì: Đại học Thủ Dầu Một ; Đề tài NCKH sinh viên Khoa Sư phạm | ||
| 650 | |a Trò chơi đóng vai |x Tính tích cực | ||
| 856 | |u http://lrc.tdmu.edu.vn/opac/search/detail.asp?aID=2&ID=37268 | ||
| 980 | |a Trung tâm Học liệu Trường Đại học Thủ Dầu Một | ||